000 01138nam a22001337a 4500
999 _c533199
_d533199
008 260429b ||||| |||| 00| 0 eng d
100 _aSrivastava, S.C.
_960316
245 _aNormative and constitutional challenges in defining ‘wages’ under the code on wages, 2019
260 _aEconomic & Political Weekly
300 _a61(11), Mar 14, 2026: p.29-32
520 _aThe normative ambiguities embedded in the definition of “wages” under the Code on Wages, 2019 are examined with particular reference to the first proviso to Section 2(y). While the definitional framework seeks uniformity across labour codes, it introduces a problematic classification that lacks a clear rational basis and may result in unequal access to statutory benefits among similarly placed employees. This classification raises concerns of constitutional equality under Article 14 and creates compliance uncertainties for employers by imposing additional regulatory burdens.-Reproduced https://www.epw.in/journal/2026/11/perspectives/normative-and-constitutional-challenges-defining.html
773 _aEconomic & Political Weekly
942 _cAR